La sección /
Gorde:
| Egile nagusia: | |
|---|---|
| Beste egile batzuk: | |
| Formatua: | Liburua |
| Hizkuntza: | gaztelania |
| Argitaratua: |
Barcelona, España :
Acantilado,
2007, c2007
|
| Saila: | (Cuadernos del Acantilado ;
22) |
| Gaiak: | |
| Etiketak: |
Etiketarik gabe, Izan zaitez lehena erregistro honi etiketa jartzen!
|
MARC
| LEADER | 00000nam^a2200000^a^4500 | ||
|---|---|---|---|
| 001 | 000562606 | ||
| 005 | 20250521000000.0 | ||
| 009 | 20260310131947.731 | ||
| 020 | |a 978-84-96489-73-8 | ||
| 037 | |a Acervo ITESO - Biblioteca | ||
| 041 | |a ESP | ||
| 082 | |a 894. 511 |b BOD | ||
| 100 | |a Bodor, Adám |e (autor) | ||
| 245 | 1 | 3 | |a La sección / |c A. Bodor ; tr. por A. Kovacsics. |
| 264 | 4 | |a Barcelona, España : |b Acantilado, |c 2007, c2007 | |
| 300 | |a 59 p. | ||
| 336 | |a texto |b txt |2 rdacontenido | ||
| 337 | |a sin mediación |b n |2 rdamedio | ||
| 338 | |a volumen |b nc |2 rdasoporte | ||
| 440 | 1 | |a (Cuadernos del Acantilado ; |v 22) | |
| 500 | |a Traducción de: A részleg | ||
| 545 | 0 | |a El escritor Adám Bodor (1936), nacido en la región húngara de Transilvania, pasó dos años encarcelado por participar en un movimiento anticomunista a principios de la década de 1950. Esta experiencia y su vida en dos países de regímenes totalitarios (Hungría y Rumania) están expresadas en sus cuentos y novelas, caracterizados por atmósferas, personajes y tramas inquietantes, presentadas con realismo lacónico, a través de un lenguaje lírico e innovador, lleno de humor. Ha sido editor de la casa Magneto y guionista cinematográfico; de hecho, muchas obras suyas han sido adaptadas al cine. Entre otros, es autor de: ¿Cómo es un puerto de montaña?; Las montañas de Zangezur; El Eufrates en Babilonia; El olor de la prisión; El distrito de Sinistra y La visita del arzobispo. | |
| 649 | |a XX | ||
| 650 | |a Cuentos Húngaros | ||
| 650 | |a Literatura Húngara - |y Siglo XX | ||
| 700 | |a Kovacsics, Adan |e (traducción) | ||
| 910 | |a Fondo Castillo-Martínez | ||
| 920 | |a Impresos - Libros | ||
| 930 | |a Fondos Especiales | ||
| 940 | |a Literatura | ||
| 905 | |a 127 | ||
| 901 | |a 0500348150 |b IT2 |c ESP |i D123822 |u 20250521 | ||
| 902 | |a https://opac.biblio.iteso.mx/vufind/Record/000562606 | ||